00317 a2200109 4500001001000000005001700010008004100027245005600068100002500124773004100149999001700190ART_5281220260410161633.0260409a 10aLas nuevas formas de trabajo: su gestión y costos1 aSmolje, Alejandro R.0 tEnfoquesg- N°5 (mayo 2021)wREV416 c12660d12660